| 000 | 01336naa a22003377a 4500 | ||
|---|---|---|---|
| 001 | BR8205355 | ||
| 003 | BR-BrBNA | ||
| 005 | 20240918175159.0 | ||
| 007 | ta | ||
| 008 | 230509b bl.||||| |||| 00| 0 por d | ||
| 040 |
_aBR-BrBNA _bpor _cBiblioteca Nacional de Agricultura |
||
| 041 | _a(Pt) | ||
| 072 |
_aH10 _b0336 _b4020 _bG514 |
||
| 090 | _aH10 BR8205355 | ||
| 100 | 1 | _aSilva, M.T.B. da | |
| 100 | 1 | _aMiranda, T.R. de | |
| 100 | 1 | _aRuedell, J. | |
| 100 | 1 | _aBonetti, L.P. | |
| 100 | 1 | _aTragnago, J.L. | |
| 111 | 1 |
_a10. Reuniao de Pesquisa de Soja da Regiao Sul _cPorto Alegre, RS (Brazil) _d27-29 Jul 1982 |
|
| 245 | 1 | _aDanos de percevejos a soja, no campo [Glycine max., Nezara viridula, Piezodorus guildinii, Euchistus heros, Rio Grande do Sul, Brasil] | |
| 260 | 3 |
_aCruz Alta, RS (Brasil): _c1982. |
|
| 500 | _aContribuicao do Centro de Experimentacao e Pesquisa a 10. Reuniao de Pesquisa de Soja da Regiao Sul Cruz Alta, RS (Brasil): 1982. p. 112-119 (BR8205355-AM)H10 | ||
| 650 | _aSOJA | ||
| 650 | _aPERCEVEJO | ||
| 650 | _aINFESTACAO | ||
| 650 | _aRIO GRANDE DO SUL | ||
| 773 | 0 |
_tContribuicao do Centro de Experimentacao e Pesquisa a 10. Reuniao de Pesquisa de Soja da Regiao Sul _wH10 BR8205355 _gCruz Alta, RS (Brasil), 1982. p. 112-119 |
|
| 909 |
_a202404 _bLucia _c55 _dLucia Elande |
||
| 942 |
_cAM _2AGRIS |
||
| 999 |
_c315427 _d315427 |
||